Historia universal del arte : vol. 1 /
Guardado en:
| Formato: | Libro |
|---|---|
| Publicado: |
Madrid :
Sarpe,
1982
|
| Materias: | |
| Etiquetas: |
Agregar Etiqueta
Sin Etiquetas, Sea el primero en etiquetar este registro!
|
| LEADER | 00695nam a22001935a 4500 | ||
|---|---|---|---|
| 001 | CEM.cems009467 | ||
| 005 | 20080908081340.0 | ||
| 008 | 130507s1982##################000#0#####d | ||
| 003 | CEMS | ||
| 020 | |a 8472915891 | ||
| 082 | 0 | 4 | |a 709 |
| 245 | 0 | 0 | |a Historia universal del arte : |b vol. 1 / |
| 260 | |a Madrid : |b Sarpe, |c 1982 | ||
| 300 | |a 152 p. | ||
| 505 | 0 | |a Arte paleolítico -- Arte neolítico -- Arte egipcio -- Arte antiguo del oriente próximo -- Arte de la Edad de Bronce y comienzos de la Edad de Hierro en Europa -- Arte egeo -- Arte griego arcaico | |
| 653 | |a Arte | ||
| 653 | |a Historia del arte | ||
| 653 | |a Arte antiguo | ||
| 859 | |a CEMS |b BIB. CEMS - 11 de abril |h 709 |i Sa74 |p 19114.97 |t Ej.1 |v 1 |3 1 | ||
